000 00727nam a2200253 i 4500
001 C2-0258745
003 PPAK
005 20180727225320.0
008 041007s1997 enka|||| ||||| | eng d
020 _a0199100896
040 _aPPAK
_beng
_cPPAK
_erda
082 0 4 _a780.3
_223
090 0 0 _a780.3
_bCAR
_dRK
100 1 _aCarpenter, Humphrey,
_eauthor
245 1 4 _aThe Oxford children's A to Z of music
264 1 _aOxford :
_bOxford University Press ,
_c1997
300 _a64 pages :
_bcolour illustrations ;
_c28 cm
336 _2rdacontent
_atext
337 _2rdamedia
_aunmediated
338 _2rdacarrier
_avolume
650 1 0 _aMusic - Dictionaries - Juvenile literature
700 _eauthor
942 _ddc
_cB
999 _c70299
_d70299